[Event "Villa Martelli La Razon (Women)"]
[Site "Villa Martelli"]
[Date "2012.10.29"]
[Round "4"]
[White "Lozano, Betania"]
[Black "Justo, Virginia"]
[Result "1/2-1/2"]
[WhiteElo "1981"]
[BlackElo "2055"]
[PlyCount "69"]
[EventDate "2012.10.26"]
[EventType "tourn"]
[EventRounds "5"]
[EventCountry "ARG"]
[SourceTitle "EXT 2013"]
[Source "ChessBase"]
[SourceDate "2012.11.22"]
[SourceVersion "1"]
[SourceVersionDate "2012.11.22"]
[SourceQuality "1"]

1. c4 Nf6 2. Nc3 d5 3. cxd5 Nxd5 4. g3 Nxc3 5. bxc3 g6 6. Bg2 Bg7 7. Rb1 c6 8. Qc2 0-0 9. Nf3 e5 10. h4 Nd7 11. Ba3 Re8 12. 0-0 Nf6 13. d3 Qc7 14. e4 b6 15. Rfe1 c5 16. Rbd1 Bb7 17. Nd2 Rad8 18. c4 Nd7 19. Nb1 Nf8 20. Nc3 Ne6 21. Nd5 Bxd5 22. cxd5 Nd4 23. Qd2 Qd7 24. Bb2 Bf8 25. Kh2 Qa4 26. g4 Qc2 27. Re2 Qxd2 28. Rexd2 Bd6 29. Kg3 h6 30. g5 hxg5 31. hxg5 Kg7 32. Rh1 Rh8 33. Rdd1 Rxh1 34. Rxh1 Rh8 35. Rxh8 1/2-1/2

[Event "Buenos Aires Diez Reinas (Women)"]
[Site "Buenos Aires"]
[Date "2010.08.23"]
[Round "4"]
[White "Leone, Juliana"]
[Black "Justo, Virginia"]
[Result "0-1"]
[WhiteElo "2096"]
[BlackElo "2110"]
[PlyCount "68"]
[EventDate "2010.08.19"]
[EventType "tourn"]
[EventRounds "9"]
[EventCountry "ARG"]
[SourceTitle "CBM 138 Extra"]
[Source "ChessBase"]
[SourceDate "2010.10.29"]
[SourceVersion "1"]
[SourceVersionDate "2010.10.29"]
[SourceQuality "1"]

1. e4 c5 2. Nf3 e6 3. b3 d6 4. Bb2 Nf6 5. e5 dxe5 6. Nxe5 a6 7. Bd3 Be7 8. f4 Nbd7 9. Qf3 Qc7 10. 0-0 0-0 11. a4 Re8 12. Na3 b6 13. Rae1 Bb7 14. Qh3 Nf8 15. Ng4 Nxg4 16. Qxg4 Ng6 17. f5 exf5 18. Qxf5 Bd6 19. h4 Bh2+ 20. Kh1 Bxg2+ 21. Kxg2 Nxh4+ 22. Kh1 Nxf5 23. Bxf5 Bg3 24. Re3 Rxe3 25. dxe3 Qc6+ 26. e4 Qh6+ 27. Kg2 Qh2+ 28. Kf3 Be5 29. Bxe5 Qxe5 30. Nc4 Qc3+ 31. Ne3 g6 32. Bh3 Re8 33. Rg1 Qd4 34. Rg4 h5 0-1

[Event "Buenos Aires Diez Reinas (Women)"]
[Site "Buenos Aires"]
[Date "2010.08.20"]
[Round "2"]
[White "Carraro, Denise"]
[Black "Justo, Virginia"]
[Result "1-0"]
[WhiteElo "2100"]
[BlackElo "2110"]
[PlyCount "59"]
[EventDate "2010.08.19"]
[EventType "tourn"]
[EventRounds "9"]
[EventCountry "ARG"]
[SourceTitle "CBM 138 Extra"]
[Source "ChessBase"]
[SourceDate "2010.10.29"]
[SourceVersion "1"]
[SourceVersionDate "2010.10.29"]
[SourceQuality "1"]

1. e4 c5 2. Nf3 e6 3. d3 Nc6 4. g3 d6 5. Bg2 Nf6 6. 0-0 Be7 7. Nc3 a6 8. h3 0-0 9. Be3 Qc7 10. d4 cxd4 11. Nxd4 Rb8 12. f4 Re8 13. Qf3 Bd7 14. g4 Nxd4 15. Bxd4 Bc6 16. g5 Nd7 17. f5 e5 18. Be3 Bf8 19. f6 Nc5 20. Rf2 b5 21. Raf1 Rb7 22. Bxc5 dxc5 23. Nd5 Bxd5 24. exd5 Bd6 25. fxg7 e4 26. Qh5 c4 27. Rxf7 Qxf7 28. Rxf7 Rxf7 29. g6 Bc5+ 30. Kh1 1-0

[Event "Buenos Aires Diez Reinas (Women)"]
[Site "Buenos Aires"]
[Date "2010.08.19"]
[Round "1"]
[White "Malajovich, Sandra"]
[Black "Justo, Virginia"]
[Result "1-0"]
[WhiteElo "2098"]
[BlackElo "2110"]
[PlyCount "149"]
[EventDate "2010.08.19"]
[EventType "tourn"]
[EventRounds "9"]
[EventCountry "ARG"]
[SourceTitle "CBM 138 Extra"]
[Source "ChessBase"]
[SourceDate "2010.10.29"]
[SourceVersion "1"]
[SourceVersionDate "2010.10.29"]
[SourceQuality "1"]

1. d4 d5 2. c4 e6 3. cxd5 exd5 4. Nc3 Nf6 5. Bg5 Be7 6. e3 0-0 7. Bd3 h6 8. Bf4 c6 9. h3 Nbd7 10. Nf3 Nb6 11. Qc2 Be6 12. Ne5 Nfd7 13. Bh7+ Kh8 14. Bf5 Nxe5 15. Bxe6 Nec4 16. Bg4 Bd6 17. Bxd6 Nxd6 18. Bf3 Qe7 19. 0-0 g6 20. e4 dxe4 21. Nxe4 Nxe4 22. Bxe4 Rad8 23. Rfe1 Qf6 24. Qd2 Kg7 25. Rad1 Rfe8 26. Qa5 Nc8 27. Qc5 Qd6 28. Qc3 Qf6 29. Qc5 Qd6 30. Qc3 Qf6 31. b4 Nd6 32. Bd3 Rxe1+ 33. Rxe1 Nc8 34. Re5 Nb6 35. Bc4 Nxc4 36. Qxc4 Qf4 37. Re7 Rxd4 38. Rxf7+ Qxf7 39. Qxd4+ Qf6 40. Qxa7 Qa1+ 41. Kh2 Qe5+ 42. g3 Qe7 43. Qc5 Qf7 44. a4 h5 45. h4 Kh7 46. a5 Qd7 47. Qa7 Qg7 48. Kg2 Kh6 49. Qc5 Qd7 50. Kh2 Kh7 51. Qf8 Qc7 52. Qf6 Qd7 53. Qe5 Qf7 54. Qd4 Qe7 55. Kg2 Qf7 56. Qa7 Kg7 57. Qd4+ Kh7 58. Kf1 Qe7 59. f3 Qf7 60. Ke2 Qe6+ 61. Qe4 Qa2+ 62. Ke3 Qf7 63. Kd4 Qg7+ 64. Kc5 Qd7 65. f4 Qg7 66. Qe5 Qf8+ 67. Qd6 Qf5+ 68. Kb6 Qb5+ 69. Ka7 Qa6+ 70. Kb8 Kh6 71. Qf8+ Kh7 72. Qe7+ Kh6 73. Qxb7 Qc4 74. a6 Qg8+ 75. Kc7 1-0

[Event "ARG-ch (Women)"]
[Site "Buenos Aires"]
[Date "2010.07.10"]
[Round "6"]
[White "Amed, Stephanie"]
[Black "Justo, Virginia"]
[Result "1/2-1/2"]
[WhiteElo "2208"]
[BlackElo "2110"]
[PlyCount "87"]
[EventDate "2010.07.05"]
[EventType "swiss"]
[EventRounds "9"]
[EventCountry "ARG"]
[SourceTitle "CBM 137 Extra"]
[Source "ChessBase"]
[SourceDate "2010.09.01"]
[SourceVersion "1"]
[SourceVersionDate "2010.09.01"]
[SourceQuality "1"]

1. e4 c5 2. Nf3 e6 3. d4 cxd4 4. Nxd4 a6 5. Bd3 Bc5 6. Nb3 Be7 7. Be3 d6 8. N1d2 Nd7 9. f4 Ngf6 10. Qe2 Qc7 11. c4 b6 12. g4 Nc5 13. Nxc5 bxc5 14. g5 Nd7 15. Rg1 Bb7 16. 0-0-0 g6 17. h4 Bc6 18. Nb1 Qb7 19. Bd2 0-0-0 20. Bc3 Rhg8 21. Rgf1 Rde8 22. Rde1 Nb6 23. b3 Kb8 24. e5 Ka7 25. exd6 Bxd6 26. Nd2 Qc7 27. Qe3 Nd7 28. Ne4 Bxe4 29. Bxe4 Nb8 30. Rd1 Rd8 31. Bf6 Be7 32. Be5 Qb6 33. h5 Nc6 34. hxg6 hxg6 35. Bxc6 Qxc6 36. Bc3 Kb7 37. Ba5 Rxd1+ 38. Rxd1 Rh8 39. Qd3 Rh1 40. Be1 Kc8 41. Qe3 Bd6 42. Qd2 Kc7 43. Qa5+ Kb7 44. Qd2 1/2-1/2

[Event "ARG-ch (Women)"]
[Site "Buenos Aires"]
[Date "2010.07.05"]
[Round "1"]
[White "Parma, Pamela"]
[Black "Justo, Virginia"]
[Result "0-1"]
[WhiteElo "1874"]
[BlackElo "2110"]
[PlyCount "96"]
[EventDate "2010.07.05"]
[EventType "swiss"]
[EventRounds "9"]
[EventCountry "ARG"]
[SourceTitle "CBM 137 Extra"]
[Source "ChessBase"]
[SourceDate "2010.09.01"]
[SourceVersion "1"]
[SourceVersionDate "2010.09.01"]
[SourceQuality "1"]

1. d4 Nf6 2. Nf3 g6 3. Bf4 Bg7 4. e3 d5 5. Nbd2 0-0 6. Be2 c5 7. c3 b6 8. 0-0 Bb7 9. h4 Nc6 10. Qc2 Rc8 11. Ne5 cxd4 12. Nxc6 Bxc6 13. exd4 Qd7 14. Nf3 Ng4 15. Qd2 Bb5 16. Rfe1 Bxe2 17. Rxe2 h5 18. Rae1 e6 19. Ne5 Nxe5 20. dxe5 Qe7 21. Bg5 Qc5 22. Bf6 Qc4 23. Qg5 Qg4 24. Re3 Qxg5 25. Bxg5 Rc4 26. b3 Rc6 27. Rf3 Rfc8 28. Ree3 b5 29. Be7 Ra6 30. Re2 Bf8 31. Bg5 Rac6 32. Bd2 Be7 33. g3 Bd8 34. Ree3 Ra6 35. Rd3 Rxa2 36. Be3 a5 37. Rf4 Rc2 38. Bd2 Bb6 39. g4 hxg4 40. Rxg4 Kh7 41. h5 Rg8 42. hxg6+ Rxg6 43. Rh3+ Kg8 44. Rxg6+ fxg6 45. Rd3 a4 46. bxa4 bxa4 47. Be3 Bxe3 48. fxe3 a3 0-1

[Event "Buenos Aires-ch (Women)"]
[Site "Buenos Aires"]
[Date "2008.10.03"]
[Round "8"]
[White "Justo, Virginia"]
[Black "Maggiolo, Elisa"]
[Result "0-1"]
[WhiteElo "2117"]
[BlackElo "2072"]
[PlyCount "106"]
[EventDate "2008.09.27"]
[EventType "swiss"]
[EventRounds "9"]
[EventCountry "ARG"]
[SourceTitle "CBM 126 Extra"]
[Source "ChessBase"]
[SourceDate "2008.11.05"]
[SourceVersion "1"]
[SourceVersionDate "2008.11.05"]
[SourceQuality "1"]

1. e4 c5 2. Nf3 Nc6 3. c4 e5 4. Nc3 g6 5. g3 Bg7 6. Bg2 Nge7 7. 0-0 0-0 8. d3 d6 9. Nd5 Nxd5 10. cxd5 Ne7 11. Ne1 Rb8 12. f4 b5 13. Qe2 a5 14. Be3 a4 15. Rc1 f5 16. Nf3 exf4 17. Bxf4 b4 18. Rfe1 h6 19. h4 fxe4 20. dxe4 Bg4 21. b3 Ra8 22. Qd3 Qb6 23. Kh2 axb3 24. axb3 Ra2 25. Re2 Ra3 26. Rec2 Bd7 27. Nd2 Bb5 28. Nc4 Qa6 29. Rb1 g5 30. hxg5 hxg5 31. Bxg5 Ng6 32. Bh3 Ne5 33. Be6+ Kh8 34. Qe2 Nf3+ 35. Kg2 Ra1 36. Rcc1 Qa2 37. Rh1+ Bh6 38. Rxh6+ Kg7 39. Qxa2 Rxa2+ 40. Rb2 Rxb2+ 41. Nxb2 Nxg5 42. Rh5 Nxe4 43. Bf5 Nc3 44. Bc2 Ra8 45. Na4 Nxa4 46. bxa4 Bxa4 47. Bb1 Bb5 48. Kf3 Ra1 49. Be4 b3 50. Ke3 b2 51. Rh7+ Kf6 52. Rh6+ Kg7 53. Rxd6 Re1+ 0-1

[Event "Buenos Aires-ch (Women)"]
[Site "Buenos Aires"]
[Date "2008.10.02"]
[Round "7"]
[White "Malajovich, Sandra"]
[Black "Justo, Virginia"]
[Result "1/2-1/2"]
[WhiteElo "2097"]
[BlackElo "2117"]
[PlyCount "112"]
[EventDate "2008.09.27"]
[EventType "swiss"]
[EventRounds "9"]
[EventCountry "ARG"]
[SourceTitle "CBM 126 Extra"]
[Source "ChessBase"]
[SourceDate "2008.11.05"]
[SourceVersion "1"]
[SourceVersionDate "2008.11.05"]
[SourceQuality "1"]

1. d4 Nf6 2. c4 g6 3. Nc3 d5 4. Bf4 Bg7 5. Rc1 c5 6. Nf3 0-0 7. dxc5 Qa5 8. Qa4 Qxa4 9. Nxa4 dxc4 10. e3 Bd7 11. Nc3 Na6 12. Bxc4 Nxc5 13. 0-0 Rac8 14. Be5 Nce4 15. Bb3 Bc6 16. Bd4 Nxc3 17. Rxc3 Ne4 18. Rc2 Bxd4 19. Nxd4 Bd7 20. Rd1 Nd6 21. Rcd2 Rc7 22. Nf3 Bg4 23. Bd5 Rfc8 24. h3 Bxf3 25. Bxf3 Rc2 26. Bg4 Rxd2 27. Rxd2 Rc7 28. Bf3 b6 29. Bd5 Kg7 30. b3 h5 31. g3 Ne8 32. Kf1 e6 33. Bc4 Kf6 34. Bb5 Ke7 35. f3 Nd6 36. Bd3 Nf5 37. Kf2 Rc1 38. g4 hxg4 39. hxg4 Nd6 40. Rc2 Rxc2+ 41. Bxc2 g5 42. f4 f6 43. Bd3 Kd7 44. Ke2 Kc6 45. Kf3 Kc5 46. Bf1 a5 47. a3 b5 48. Bd3 b4 49. a4 e5 50. Bh7 Kd5 51. Bg8+ Kc5 52. Be6 Kc6 53. fxg5 fxg5 54. Bg8 e4+ 55. Ke2 Kd7 56. Bd5 Ke7 1/2-1/2

[Event "American Continental (Women) 04th"]
[Site "San Luis"]
[Date "2007.09.03"]
[Round "7.11"]
[White "Justo, Virginia"]
[Black "Burijovich, Liliana"]
[Result "0-1"]
[WhiteElo "2148"]
[BlackElo "2227"]
[PlyCount "62"]
[EventDate "2007.08.28"]
[EventType "swiss"]
[EventRounds "11"]
[EventCountry "ARG"]
[SourceTitle "EXT 2023"]
[Source "ChessBase"]
[SourceDate "2022.10.05"]
[SourceVersion "1"]
[SourceVersionDate "2022.10.05"]
[SourceQuality "1"]

1. e4 c5 2. Nf3 Nc6 3. d4 cxd4 4. Nxd4 Qb6 5. Nb3 Nf6 6. Nc3 e6 7. g3 Bb4 8. Bg2 d5 9. exd5 Nxd5 10. Bd2 Nxc3 11. Bxc3 Bxc3+ 12. bxc3 0-0 13. 0-0 e5 14. Qe2 Bf5 15. Rab1 Qc7 16. Nc5 Rab8 17. Nd3 Rfe8 18. Rb5 f6 19. Rfb1 b6 20. Bd5+ Kh8 21. Qe3 Rbc8 22. Ne1 Na5 23. Qf3 Bg6 24. R5b2 Qxc3 25. Qg2 e4 26. h4 Rc5 27. Bb3 Rd8 28. g4 h6 29. Qh2 e3 30. Nd3 Bxd3 31. cxd3 e2 0-1

[Event "American Continental (Women) 04th"]
[Site "San Luis"]
[Date "2007.09.02"]
[Round "6.9"]
[White "Plazaola, Maria de los Angele"]
[Black "Justo, Virginia"]
[Result "1-0"]
[WhiteElo "2061"]
[BlackElo "2148"]
[PlyCount "49"]
[EventDate "2007.08.28"]
[EventType "swiss"]
[EventRounds "11"]
[EventCountry "ARG"]
[SourceTitle "EXT 2023"]
[Source "ChessBase"]
[SourceDate "2022.10.05"]
[SourceVersion "1"]
[SourceVersionDate "2022.10.05"]
[SourceQuality "1"]

1. e4 c5 2. d4 cxd4 3. c3 Nf6 4. e5 Nd5 5. cxd4 e6 6. Nc3 Nxc3 7. bxc3 Qc7 8. Bd2 d6 9. f4 Nd7 10. Bd3 g6 11. Nf3 Bg7 12. Ng5 0-0 13. Qg4 Rd8 14. 0-0 Nf8 15. Ne4 dxe5 16. fxe5 Bd7 17. Bg5 Bc6 18. Bxd8 Rxd8 19. Nf6+ Kh8 20. Qh4 b5 21. Rf2 Rb8 22. Raf1 Rb7 23. Nxh7 Nxh7 24. Rxf7 Qxf7 25. Rxf7 1-0

[Event "American Continental (Women) 04th"]
[Site "San Luis"]
[Date "2007.08.31"]
[Round "4.9"]
[White "Justo, Virginia"]
[Black "Buttner, Natalia"]
[Result "1/2-1/2"]
[WhiteElo "2148"]
[BlackElo "2064"]
[PlyCount "54"]
[EventDate "2007.08.28"]
[EventType "swiss"]
[EventRounds "11"]
[EventCountry "ARG"]
[SourceTitle "EXT 2023"]
[Source "ChessBase"]
[SourceDate "2022.10.05"]
[SourceVersion "1"]
[SourceVersionDate "2022.10.05"]
[SourceQuality "1"]

1. e4 e6 2. d4 d5 3. Nc3 Bb4 4. Nge2 dxe4 5. a3 Be7 6. Nxe4 Nf6 7. N2g3 0-0 8. Be2 Nbd7 9. 0-0 b6 10. Nxf6+ Nxf6 11. Bf3 Rb8 12. Re1 Bb7 13. Bxb7 Rxb7 14. Qf3 Rb8 15. c3 Re8 16. Bg5 Qd5 17. Qxd5 Nxd5 18. Bxe7 Nxe7 19. Ne4 Rbd8 20. Rad1 Rd7 21. Rd2 Red8 22. Rde2 Rd5 23. f4 Ng6 24. g3 Kf8 25. Ng5 h6 26. Nf3 c6 27. Kf2 h5 1/2-1/2

[Event "American Continental (Women) 04th"]
[Site "San Luis"]
[Date "2007.08.30"]
[Round "3.6"]
[White "Ubaldo Suarez, Maria Gisela"]
[Black "Justo, Virginia"]
[Result "1-0"]
[WhiteElo "2077"]
[BlackElo "2148"]
[PlyCount "95"]
[EventDate "2007.08.28"]
[EventType "swiss"]
[EventRounds "11"]
[EventCountry "ARG"]
[SourceTitle "EXT 2023"]
[Source "ChessBase"]
[SourceDate "2022.10.05"]
[SourceVersion "1"]
[SourceVersionDate "2022.10.05"]
[SourceQuality "1"]

1. d4 Nf6 2. c4 g6 3. Nc3 d5 4. cxd5 Nxd5 5. e4 Nxc3 6. bxc3 Bg7 7. Bc4 c5 8. Ne2 0-0 9. 0-0 Nc6 10. Be3 Qc7 11. Rc1 Rd8 12. Qd2 Na5 13. Bd3 e6 14. Rfd1 b6 15. f3 Bb7 16. Qe1 Qe7 17. Qg3 cxd4 18. cxd4 Rac8 19. Bg5 f6 20. Bf4 Rxc1 21. Rxc1 Rc8 22. Rxc8+ Bxc8 23. Bd6 Qd8 24. Ba3 Nc6 25. Qd6 Qxd6 26. Bxd6 f5 27. e5 Bf8 28. Bxf8 Kxf8 29. Bb5 Nb4 30. Bc4 Ke7 31. Kf2 Bd7 32. Ke3 a5 33. Kd2 g5 34. Nc3 Nc6 35. Nb5 Be8 36. Kc3 f4 37. Nd6 Bd7 38. Ne4 h6 39. Nf6 Na7 40. Ng8+ Kf8 41. Nxh6 b5 42. Bb3 Nc6 43. Ng4 Ke7 44. Nf6 Bc8 45. Ne4 Ba6 46. Nc5 b4+ 47. Kd2 Nxd4 48. Nxa6 1-0

[Event "ARG-ch (Women)"]
[Site "Villa Martelli"]
[Date "2006.04.07"]
[Round "7"]
[White "Justo, Virginia"]
[Black "Jurich, Florencia"]
[Result "1/2-1/2"]
[WhiteElo "2172"]
[BlackElo "1941"]
[PlyCount "128"]
[EventDate "2006.04.01"]
[EventType "swiss"]
[EventRounds "7"]
[EventCountry "ARG"]
[SourceTitle "CBM 111 Extra"]
[Source "ChessBase"]
[SourceDate "2006.05.09"]
[SourceVersion "1"]
[SourceVersionDate "2006.05.09"]
[SourceQuality "1"]

1. e4 e5 2. Nf3 Nc6 3. Bb5 a6 4. Bxc6 dxc6 5. 0-0 Bg4 6. h3 h5 7. Nc3 Qf6 8. d3 Bd6 9. Be3 Ne7 10. Re1 Bxf3 11. Qxf3 Qxf3 12. gxf3 0-0-0 13. Ne2 Ng6 14. Kg2 Nh4+ 15. Kg3 Be7 16. f4 exf4+ 17. Nxf4 g5 18. Ne2 Bd6+ 19. f4 gxf4+ 20. Bxf4 Rdg8+ 21. Kf2 Ng2 22. Bxd6 Nxe1 23. Be5 Nxc2 24. Rc1 Nb4 25. Nf4 Rh6 26. a3 f6 27. Bd4 c5 28. Rxc5 Nc6 29. Be3 h4 30. d4 Rh7 31. Nh5 Rd8 32. Nxf6 Rf7 33. Rf5 Nxd4 34. Bxd4 Rxd4 35. Ke3 Rd1 36. e5 Rh1 37. Rf3 Kd8 38. Ke4 Re1+ 39. Kf5 Ke7 40. Rd3 Rxe5+ 41. Kxe5 Rxf6 42. Rd4 Rb6 43. b4 Rb5+ 44. Kf4 Ke6 45. Kg4 a5 46. Kxh4 axb4 47. axb4 Ke5 48. Rg4 Kf6 49. Rc4 b6 50. Kg4 Rg5+ 51. Kf4 Rh5 52. Kg3 Rg5+ 53. Kf3 Rh5 54. h4 Rd5 55. Ke3 Rh5 56. Kd3 Ke6 57. Rg4 Kf5 58. Rd4 Ke6 59. Kc4 Ke7 60. Rg4 Kf6 61. Kc3 Kf7 62. Rf4+ Ke6 63. Kc4 Ke5 64. Rg4 Kf6 1/2-1/2

[Event "ARG-ch (Women)"]
[Site "Villa Martelli"]
[Date "2006.04.06"]
[Round "6"]
[White "Agnello, Silvana"]
[Black "Justo, Virginia"]
[Result "1-0"]
[WhiteElo "2009"]
[BlackElo "2172"]
[PlyCount "57"]
[EventDate "2006.04.01"]
[EventType "swiss"]
[EventRounds "7"]
[EventCountry "ARG"]
[SourceTitle "CBM 111 Extra"]
[Source "ChessBase"]
[SourceDate "2006.05.09"]
[SourceVersion "1"]
[SourceVersionDate "2006.05.09"]
[SourceQuality "1"]

1. Nf3 Nf6 2. g3 g6 3. Bg2 Bg7 4. d3 d5 5. 0-0 0-0 6. Nc3 c5 7. e4 d4 8. Ne2 Nc6 9. Ne1 e5 10. f4 exf4 11. gxf4 Nh5 12. Ng3 Nxg3 13. hxg3 h5 14. f5 Ne5 15. Bh3 h4 16. Nf3 hxg3 17. Bf4 Qe7 18. Bxg3 a5 19. Kg2 Ra6 20. Qd2 gxf5 21. Bxf5 Bxf5 22. exf5 Nxf3 23. Rxf3 Bh6 24. Bf4 Kg7 25. Rg3+ Kh7 26. Rh1 Re8 27. Bxh6 Qe2+ 28. Qxe2 Rxe2+ 29. Kf3 1-0

[Event "ARG-ch (Women)"]
[Site "Villa Martelli"]
[Date "2006.04.05"]
[Round "5"]
[White "Justo, Virginia"]
[Black "Carraro, Denise"]
[Result "1-0"]
[WhiteElo "2172"]
[BlackElo "2042"]
[PlyCount "90"]
[EventDate "2006.04.01"]
[EventType "swiss"]
[EventRounds "7"]
[EventCountry "ARG"]
[SourceTitle "CBM 111 Extra"]
[Source "ChessBase"]
[SourceDate "2006.05.09"]
[SourceVersion "1"]
[SourceVersionDate "2006.05.09"]
[SourceQuality "1"]

1. e4 e6 2. d4 d5 3. exd5 exd5 4. Nf3 Bg4 5. h3 Bh5 6. Qe2+ Qe7 7. Be3 Nc6 8. Nc3 0-0-0 9. 0-0-0 Nf6 10. g4 Bg6 11. Ne5 Nb4 12. Nxg6 hxg6 13. a3 Nc6 14. Bg2 Qe6 15. Qd3 a6 16. Rhe1 Ne7 17. Na4 Ne4 18. f3 Qc6 19. fxe4 Qxa4 20. Bg5 f6 21. Bf4 Qb5 22. Qxb5 axb5 23. exd5 Nxd5 24. Bd2 c6 25. Re6 Bd6 26. Bxd5 cxd5 27. Ba5 Bf4+ 28. Kb1 Bc7 29. Bxc7 Kxc7 30. Re7+ Rd7 31. Re3 g5 32. Rde1 Rh4 33. c3 Kc6 34. Kc2 Rd8 35. Kb3 Rdh8 36. Re7 Rd8 37. R1e3 Rd7 38. Re8 Rd6 39. Kb4 g6 40. Rg8 Rh6 41. Rg7 f5 42. Ree7 Rd8 43. Rc7+ Kd6 44. Rxb7 Kc6 45. Rh7 Rd6 1-0

[Event "ARG-ch (Women)"]
[Site "Villa Martelli"]
[Date "2006.04.02"]
[Round "2"]
[White "Justo, Virginia"]
[Black "Amed, Stephanie"]
[Result "1/2-1/2"]
[WhiteElo "2172"]
[BlackElo "2078"]
[PlyCount "81"]
[EventDate "2006.04.01"]
[EventType "swiss"]
[EventRounds "7"]
[EventCountry "ARG"]
[SourceTitle "CBM 111 Extra"]
[Source "ChessBase"]
[SourceDate "2006.05.09"]
[SourceVersion "1"]
[SourceVersionDate "2006.05.09"]
[SourceQuality "1"]

1. e4 e6 2. d4 d5 3. Nc3 Bb4 4. Nge2 dxe4 5. a3 Be7 6. Nxe4 Nf6 7. N2c3 0-0 8. Be2 Nbd7 9. 0-0 c5 10. dxc5 Nxe4 11. Nxe4 Qc7 12. Be3 Rd8 13. Qe1 Qe5 14. Qb4 f5 15. Nd6 Nxc5 16. Qxc5 Bxd6 17. Qxe5 Bxe5 18. Rad1 Bd7 19. Bg5 Bf6 20. Bxf6 gxf6 21. Rd6 Kf7 22. Rfd1 Ke7 23. Bc4 Rac8 24. Bb3 f4 25. f3 e5 26. Kf2 Bf5 27. Rxd8 Rxd8 28. Rxd8 Kxd8 29. Bd5 Bxc2 30. Bxb7 Bb3 31. g3 fxg3+ 32. hxg3 f5 33. Ke3 Kc7 34. Ba6 Kd6 35. Bc8 Bc2 36. Kd2 Bb1 37. Kc3 h5 38. b4 Kd5 39. Bb7+ Kd6 40. Bc8 Kd5 41. Bb7+ 1/2-1/2

[Event "Olympiad Women-36"]
[Site "Mallorca"]
[Date "2004.10.28"]
[Round "13.3"]
[White "Justo, Virginia"]
[Black "Horvath, Maria"]
[Result "1-0"]
[WhiteElo "2285"]
[BlackElo "2094"]
[PlyCount "73"]
[EventDate "2004.10.15"]
[EventType "team-swiss"]
[EventRounds "14"]
[EventCountry "ESP"]
[SourceTitle "CBM 102 Extra"]
[Source "ChessBase"]
[SourceDate "2004.11.03"]
[SourceVersion "1"]
[SourceVersionDate "2004.11.03"]
[SourceQuality "1"]
[WhiteTeam "Argentina (W)"]
[BlackTeam "Austria (W)"]
[WhiteTeamCountry "ARG"]
[BlackTeamCountry "AUT"]

1. e4 e6 2. d4 d5 3. Nd2 Nf6 4. e5 Nfd7 5. f4 c5 6. c3 Nc6 7. Ndf3 Qb6 8. Ne2 a5 9. g3 cxd4 10. cxd4 Bb4+ 11. Kf2 0-0 12. Bh3 f6 13. Kg2 f5 14. Rf1 Ndb8 15. g4 g6 16. gxf5 gxf5 17. Kh1 Rf7 18. Rg1+ Kh8 19. Be3 Be7 20. Qf1 Qd8 21. Nc3 Na7 22. Rg3 Qf8 23. Qg2 Rg7 24. Rg1 Rxg3 25. Qxg3 Bd7 26. Ng5 Bxg5 27. Qxg5 Nbc6 28. Bf1 Ne7 29. Be2 Be8 30. Bf2 Bg6 31. Bh4 Ng8 32. Bh5 Bxh5 33. Qxg8+ Qxg8 34. Bf6+ Qg7 35. Rxg7 Bf3+ 36. Kg1 Rg8 37. Rg3+ 1-0

[Event "Olympiad Women-36"]
[Site "Mallorca"]
[Date "2004.10.26"]
[Round "11.3"]
[White "Rojas Solano, Jessenia"]
[Black "Justo, Virginia"]
[Result "0-1"]
[WhiteElo "2082"]
[BlackElo "2285"]
[PlyCount "154"]
[EventDate "2004.10.15"]
[EventType "team-swiss"]
[EventRounds "14"]
[EventCountry "ESP"]
[SourceTitle "CBM 102 Extra"]
[Source "ChessBase"]
[SourceDate "2004.11.03"]
[SourceVersion "1"]
[SourceVersionDate "2004.11.03"]
[SourceQuality "1"]
[WhiteTeam "Ecuador (W)"]
[BlackTeam "Argentina (W)"]
[WhiteTeamCountry "ECU"]
[BlackTeamCountry "ARG"]

1. d4 Nf6 2. c4 g6 3. Nc3 d5 4. cxd5 Nxd5 5. e4 Nxc3 6. bxc3 Bg7 7. Bc4 0-0 8. Ne2 c5 9. Rb1 Nc6 10. Be3 Na5 11. Bb3 Nxb3 12. Qxb3 cxd4 13. cxd4 b6 14. 0-0 Ba6 15. Rfe1 Qd7 16. d5 Bxe2 17. Rxe2 Rac8 18. Rc1 Rxc1+ 19. Bxc1 Rc8 20. Bb2 Qc7 21. g3 Bxb2 22. Qxb2 Qc1+ 23. Qxc1 Rxc1+ 24. Kg2 Kf8 25. f4 Ke8 26. Rd2 Kd7 27. e5 Rc3 28. Kf2 f6 29. h3 fxe5 30. fxe5 Ra3 31. h4 Rc3 32. g4 Rh3 33. d6 exd6 34. Rxd6+ Ke7 35. Rc6 Rh2+ 36. Kg3 Rxa2 37. Rc7+ Ke6 38. Rxh7 Kxe5 39. Rh6 Ra3+ 40. Kg2 Kf4 41. Rxg6 Rg3+ 42. Kf2 Rxg4 43. h5 Rh4 44. h6 Kf5 45. Rg7 a5 46. h7 a4 47. Ra7 a3 48. Rxa3 Rxh7 49. Rb3 Rh6 50. Ke2 Rd6 51. Ke3 Ke5 52. Rb5+ Ke6 53. Ke4 Rc6 54. Kd4 Kd6 55. Rh5 Rc1 56. Rh6+ Kc7 57. Rh7+ Kc6 58. Rh5 b5 59. Rh8 Kb6 60. Kd3 Ka5 61. Ra8+ Kb4 62. Rb8 Ka4 63. Kd2 Rc6 64. Ra8+ Kb3 65. Rh8 b4 66. Rh3+ Kb2 67. Rh8 Rd6+ 68. Ke3 b3 69. Ra8 Kc2 70. Rc8+ Kb1 71. Ra8 b2 72. Ra7 Kc1 73. Rc7+ Kd1 74. Rb7 Rd2 75. Rb8 Kc1 76. Rh8 b1Q 77. Rh1+ Rd1 0-1

[Event "Olympiad Women-26"]
[Site "Thessaloniki"]
[Date "1984.12.01"]
[Round "12"]
[White "Justo, Virginia"]
[Black "Ribeiro, Regina"]
[Result "0-1"]
[WhiteElo "2050"]
[BlackElo "1905"]
[PlyCount "75"]
[EventDate "1984.11.19"]
[EventType "team-swiss"]
[EventRounds "14"]
[EventCountry "GRE"]
[SourceTitle "EXT 2019"]
[Source "ChessBase"]
[SourceDate "2018.10.10"]
[SourceVersion "1"]
[SourceVersionDate "2018.10.10"]
[SourceQuality "1"]
[WhiteTeam "Argentina (W)"]
[BlackTeam "Brazil (W)"]
[WhiteTeamCountry "ARG"]
[BlackTeamCountry "BRA"]

1. e4 e5 2. Nf3 Nc6 3. Bb5 a6 4. Ba4 Nf6 5. 0-0 b5 6. Bb3 Bb7 7. Re1 Bc5 8. c3 d6 9. d4 Bb6 10. a4 b4 11. d5 Na5 12. cxb4 Nxb3 13. Qxb3 Ng4 14. Re2 Qf6 15. Nbd2 Qg6 16. a5 Bxf2+ 17. Rxf2 Nxf2 18. Kxf2 0-0 19. Qd3 Bc8 20. Ra3 f5 21. Rc3 fxe4 22. Nxe4 Bf5 23. Rc4 Rf7 24. Kg1 Raf8 25. Nfg5 Bxe4 26. Nxe4 Rf1+ 27. Qxf1 Rxf1+ 28. Kxf1 Qf7+ 29. Nf2 Qxd5 30. Rxc7 Qb5+ 31. Ke1 Qxb4+ 32. Bd2 Qxb2 33. Nd1 Qd4 34. Be3 Qh4+ 35. Kf1 Qa4 36. Nc3 Qxa5 37. Rc8+ Kf7 38. Kf2 0-1